A primer of nonlinear analysis /

Guardado en:
Autor Principal: Ambrosetti, A.
Otros Autores: Prodi, G. 1925-
Formato: Libro
Idioma:English
Publicado: Cambridge : Cambridge University Press, 1993.
Series:Cambridge studies in advanced mathematics ; 34
Materias:
Acceso en línea:Publisher description
Google Book Search
Etiquetas: Agregar Etiqueta
Sin Etiquetas, Sea el primero en etiquetar este registro!
LEADER 01371cam a2200277 a 4500
001 MAT.inmabb003798
008 931119s1993####enka#####b####001#0#eng#d
005 20130313233310.0
245 1 2 |a A primer of nonlinear analysis /  |c Antonio Ambrosetti, Giovanni Prodi. 
260 |a Cambridge :  |b Cambridge University Press,  |c 1993. 
300 |a viii, 171 p. :  |b il. ;  |c 24 cm. 
440 0 |a Cambridge studies in advanced mathematics ;  |v 34 
500 |a Basado parcialmente en: Analisi non lineare. Pisa : Scuola Normale Superiore, 1973. 
504 |a Incluye referencias bibliográficas (p. [165]-169) e índice. 
505 0 |a 1. Differential calculus -- 2. Local inversion theorems -- 3. Global inversion theorems -- 4. Semilinear Dirichlet problems -- 5. Bifurcation results -- 6. Bifurcation problems -- 7. Bifurcation of periodic solutions. 
510 4 |a MR,  |c 94f:58016 
020 |a 0521373905 
100 1 |a Ambrosetti, A.  |q (Antonio) 
700 1 |a Prodi, G.  |q (Giovanni),  |d 1925- 
650 0 |a Nonlinear functional analysis. 
084 |a 58C15 (35J60 46N20 47Jxx 47N20 58E07)  |2 msc2000 
010 |a  93233904  
040 |a ESU  |c ESU  |d Uk  |d IDeKN  |d FPU  |d DLC 
856 4 2 |3 Publisher description  |u http://www.loc.gov/catdir/description/cam032/93233904.html 
856 4 1 |u http://books.google.com/books?isbn=0521485738  |y Google Book Search 
859 |h 58  |i Am496  |p A-6801  |b BIB. MATEMATICA